Provisional subscription and scale of charges for The National Property Register (Dwellings) (Record no. 95096)

MARC details
000 -LEADER
fixed length control field 00502cam a2200181 4500
001 - CONTROL NUMBER
control field D2262
008 - FIXED-LENGTH DATA ELEMENTS--GENERAL INFORMATION
fixed length control field 090401t1967 xxu||||| |||| 00| 0 eng d
035 ## - SYSTEM CONTROL NUMBER
System control number (Sirsi) u68368
041 ## - LANGUAGE CODE
Language code of text/sound track or separate title eng
050 ## - LIBRARY OF CONGRESS CALL NUMBER
Classification number 333.330285
110 ## - MAIN ENTRY--CORPORATE NAME
Corporate name or jurisdiction name as entry element Central Electronic Processing Services Ltd
9 (RLIN) 2025
245 ## - TITLE STATEMENT
Title Provisional subscription and scale of charges for The National Property Register (Dwellings)
260 ## - PUBLICATION, DISTRIBUTION, ETC.
Place of publication, distribution, etc. Lincoln
Name of publisher, distributor, etc. CEPS
Date of publication, distribution, etc. 1967
300 ## - PHYSICAL DESCRIPTION
Extent 6p. 25cm
350 ## - PRICE (NR) (BK AM CF MU VM SE) [OBSOLETE]
Price 0
942 ## - ADDED ENTRY ELEMENTS (KOHA)
Suppress in OPAC 0
948 ## - LOCAL PROCESSING INFORMATION (OCLC); SERIES PART DESIGNATOR (RLIN)
c (OCLC) 04/03/1997
Holdings
Withdrawn status Lost status Source of classification or shelving scheme Damaged status Not for loan Home library Current library Shelving location Date acquired Total Checkouts Full call number Barcode Date last seen Copy number Price effective from Koha item type
    Other/Generic Classification Scheme     London London Basement 14/09/1999   SHELF 327 (PAMPHLET) 30001753 06/08/2019 1 06/08/2019 Reference material